Nuevos estudios de Derecho procesal

Tallennettuna:
Bibliografiset tiedot
Päätekijä: Alcalá-Zamora y Castillo, Niceto (Tekijä)
Aineistotyyppi: Kirja
Kieli:espanja
Julkaistu: Madrid Tecnos 1980
Sarja:Biblioteca Tecnos de estudios jurídicos
Aiheet:
Tagit: Lisää tagi
Ei tageja, Lisää ensimmäinen tagi!

MARC

LEADER 00000nam a2200000 a 4500
001 UCV1306
003 CL-VaPUC
008 900406e19800000SP |||||||||||||||||spa|d
082 0 4 |a 347  |b ALC  |2 21 
100 0 |a Alcalá-Zamora y Castillo, Niceto  |e author  |9 295543 
245 1 0 |a Nuevos estudios de Derecho procesal 
300 |a 433 p 
942 |c BK 
945 |d 19900406 00:00:00 
260 |a Madrid  |b Tecnos  |c 1980 
650 0 |a Derecho procesal penal  |9 255496 
650 7 |a REFORMAS  |2 CL-VaPUC  |9 256195 
651 0 |a América  |9 255182 
651 0 |a España  |9 254926 
583 |a last modification  |c 19900406 00:00:00  |k Rodrigo Vera 
490 0 |a Biblioteca Tecnos de estudios jurídicos 
999 |c 209292  |d 209290 
952 |0 0  |1 0  |4 0  |6 347_000000000000000_ALC_1980  |7 0  |8 A  |9 184618  |a BIBDER  |b BIBDER  |d 2019-11-14  |i 2519275  |o 347 ALC 1980  |p 2519275  |r 2023-01-25  |w 2019-11-14  |y BK  |k DER